01202nab a22002417a 4500999001500000003000400015005001700019008004100036040000700077100003700084245006400121260007200185300001100257500003800268505027400306505008900580650002700669650003000696650003500726650004800761773013800809942001300947 c5728d5728OSt20251231180001.0190605e xxu||||| |||| 00| 0 spa d cPJ 96648aDespoulis Netri, Federico 10aComentario sobre la ley 27.705 /cFederico Despoulis Netri. aCiudad Autónoma de Buenos Aires :bThomson Reuters La Ley,c2023. ap. 231 aCita: TR LALEY AR/DOC/934/2023.  aSumario: I. Introducción.— II. Conceptos varios de la ley.— III. Cuál es la visión oficial del Gobierno Nacional para seguir otorgando moratorias. Porqué son necesarias.— IV. Cuantas moratorias hubo y de que tipo en los últimos años.— V. Corolario.  t¿Te interesa el texto completo? Solicitalo al correo: koha@justierradelfuego.gov.ar 091395aSEGURIDAD SOCIAL 092153aSISTEMA PREVISIONAL 094957aBENEFICIOS PREVISIONALES 09822aCORTE SUPREMA DE JUSTICIA DE LA NACION0 0271193168dCiudad Autónoma de Buenos Aires : Thomson Reuters La Ley, 1999-2002.tRevista de derecho del trabajo. Nº 3 - Mayo 2023 2udccANA